[Event "Tromsøsjakken NGP 2025"]
[Site "Sparebanken Nordnorge"]
[Date "2025.09.07"]
[Round "4"]
[White "Andersen, Daniel H."]
[Black "Mikalsen, Odd E."]
[Result "0-1"]
[WhiteElo "1709"]
[BlackElo "1917"]
[PlyCount "108"]
[EventDate "2025.??.??"]

1. e4 c6 2. d4 d5 3. exd5 cxd5 4. c4 g6 5. Nc3 Nf6 6. Nf3 Bg7 7. Qb3 O-O 8.
cxd5 Nbd7 9. Bc4 Nb6 10. Bf4 Bf5 11. O-O Rc8 12. Bb5 Nfxd5 13. Be5 a6 14. Bxg7
Kxg7 15. Nxd5 Qxd5 16. Qxd5 Nxd5 17. Ba4 Bc2 18. Bxc2 Rxc2 19. Rab1 Rfc8 20.
Ne5 Nf4 21. Rfd1 Re2 22. Re1 Rcc2 23. Rxe2 Nxe2+ 24. Kf1 Nxd4 25. Nd3 Rd2 26.
Nc5 Nc6 27. Nxb7 Nb4 28. a3 Nd3 29. b4 Rxf2+ 30. Kg1 Ra2 31. Nc5 Rxa3 32. Nxd3
Rxd3 33. Kf2 e5 34. h4 h5 35. g3 f5 36. Ra1 Rd6 37. Ke3 Kf6 38. Ra5 Re6 39. b5
axb5 40. Rxb5 g5 41. hxg5+ Kxg5 42. Rb4 Ra6 43. Rb2 Ra3+ 44. Kf2 e4 45. Kg2 Kg4
46. Kh2 h4 47. gxh4 Kxh4 48. Kg2 Kg4 49. Kf2 f4 50. Rb8 Ra2+ 51. Ke1 Kf3 52.
Rb7 e3 53. Kd1 Kf2 54. Rf7 e2+ 0-1

[Event "Tromsøsjakken NGP 2025"]
[Site "Sparebanken Nordnorge"]
[Date "2025.09.07"]
[Round "4"]
[White "Andreassen, Erik Th."]
[Black "Remman, Frank"]
[Result "1-0"]
[WhiteElo "1820"]
[BlackElo "1857"]
[PlyCount "109"]
[EventDate "2025.??.??"]

1. e4 c5 2. Nc3 Nc6 3. Bb5 Nd4 4. Nf3 e6 5. Nxd4 cxd4 6. Ne2 Qb6 7. Bd3 Ne7 8.
c3 Nc6 9. Qb3 Bc5 10. Qxb6 Bxb6 11. b4 O-O 12. Bc2 dxc3 13. dxc3 d5 14. exd5
exd5 15. O-O Re8 16. Bd3 Bd7 17. Bf4 Ne5 18. Bc2 Ng6 19. Bxg6 hxg6 20. Nd4 Rac8
21. Rac1 Rc4 22. Be3 Rec8 23. Ne2 Bxe3 24. fxe3 g5 25. h3 R4c7 26. Rfd1 Bb5 27.
Nd4 Ba4 28. Rd3 Rc4 29. Nf5 R8c7 30. Nd6 Rxb4 31. Rxd5 Rb6 32. c4 f6 33. e4 Rb2
34. e5 Bc6 35. Ra5 Rxg2+ 36. Kf1 b6 37. Ra3 Rh2 38. Rcc3 Kf8 39. Re3 Rd7 40.
Rad3 fxe5 41. Rxe5 Re7 42. Rxe7 Kxe7 43. Nc8+ Kf6 44. Rd6+ Kf5 45. Rxc6 Rxa2
46. Rc7 Ra1+ 47. Kf2 Ra2+ 48. Ke3 Ra3+ 49. Kd4 Rxh3 50. Rxg7 g4 51. Rxa7 g3 52.
Nxb6 Rh4+ 53. Ke3 Re4+ 54. Kf3 Rg4 55. Ra5+ 1-0

[Event "Tromsøsjakken NGP 2025"]
[Site "Sparebanken Nordnorge"]
[Date "2025.09.07"]
[Round "5"]
[White "Valvåg, Torbjørn"]
[Black "Kreken, Eivind G."]
[Result "1/2-1/2"]
[WhiteElo "2052"]
[BlackElo "2392"]
[PlyCount "60"]
[EventDate "2025.??.??"]

1. d4 d5 2. Nf3 c5 3. dxc5 e6 4. e4 Bxc5 5. exd5 exd5 6. Bb5+ Nc6 7. O-O Nf6 8.
Qe2+ Be6 9. Nbd2 O-O 10. Nb3 Bb6 11. Be3 Bg4 12. Bxb6 Qxb6 13. Bd3 Rfe8 14. Qd1
Rad8 15. c3 a5 16. Rb1 Ne4 17. Be2 a4 18. Nbd4 Bxf3 19. Bxf3 Nxd4 20. cxd4 Qa5
21. Re1 Nd2 22. Rxe8+ Rxe8 23. Rc1 Nxf3+ 24. gxf3 Qd8 25. Qd2 Qf6 26. Qe3 Kf8
27. Qa3+ Kg8 28. Qe3 Qg6+ 29. Kh1 f6 30. Qf4 Kh8 1/2-1/2

[Event "Tromsøsjakken NGP 2025"]
[Site "Sparebanken Nordnorge"]
[Date "2025.09.07"]
[Round "5"]
[White "Schouten, Mathias L."]
[Black "Hammari, Vinjar"]
[Result "1/2-1/2"]
[WhiteElo "2304"]
[BlackElo "2108"]
[PlyCount "47"]
[EventDate "2025.??.??"]

1. e4 e5 2. Nf3 Nc6 3. Bc4 Nf6 4. d3 Bc5 5. Nc3 h6 6. h3 d6 7. a3 a6 8. Be3
Bxe3 9. fxe3 O-O 10. Qd2 Ne7 11. O-O c6 12. Ba2 Ng6 13. Rf2 Qe7 14. Nh2 Be6 15.
Bxe6 Qxe6 16. Nf1 d5 17. Ng3 Rad8 18. exd5 Nxd5 19. Raf1 Nge7 20. Nxd5 Rxd5 21.
e4 Rd7 22. Nf5 Nxf5 23. Rxf5 f6 24. g4 1/2-1/2

[Event "Tromsøsjakken NGP 2025"]
[Site "Sparebanken Nordnorge"]
[Date "2025.09.07"]
[Round "5"]
[White "Røyset, Pål N."]
[Black "Solbu, August"]
[Result "1/2-1/2"]
[WhiteElo "2101"]
[BlackElo "1912"]
[PlyCount "127"]
[EventDate "2025.??.??"]

1. e4 c5 2. c3 d5 3. exd5 Qxd5 4. d4 Nf6 5. Nf3 Bg4 6. Qa4+ Bd7 7. Qb3 Qxb3 8.
axb3 e6 9. Na3 cxd4 10. Nb5 Bxb5 11. Bxb5+ Nbd7 12. Ne5 dxc3 13. bxc3 a6 14.
Nxd7 Nxd7 15. Bf4 Rd8 16. Be2 Nc5 17. b4 Nd3+ 18. Bxd3 Rxd3 19. Be5 Rd5 20. Ra5
Kd7 21. Rxd5+ exd5 22. Kd2 f6 23. Bd4 Bd6 24. h3 Be5 25. Kd3 Rc8 26. Re1 Bxd4
27. Kxd4 Rc4+ 28. Kd3 h5 29. Re3 b5 30. Rg3 g5 31. Rf3 Ke6 32. Re3+ Kd6 33. Re8
Kd7 34. Ra8 Rc6 35. Rh8 h4 36. f4 Rc4 37. fxg5 fxg5 38. Ra8 Ke6 39. Rxa6+ Kf5
40. Rb6 Rf4 41. Rxb5 Ke5 42. Ke3 Re4+ 43. Kf3 Rf4+ 44. Ke3 Re4+ 45. Kf2 Rf4+
46. Ke2 Re4+ 47. Kd3 Rf4 48. Rb8 g4 49. Re8+ Kd6 50. Rd8+ Kc6 51. hxg4 Rxg4 52.
Rh8 Rg3+ 53. Kd4 Rg4+ 54. Ke5 Rg5+ 55. Ke6 Rg6+ 56. Kf5 Rxg2 57. Rxh4 Rg3 58.
Rh8 Kc7 59. Ke5 Rxc3 60. Kxd5 Kb6 61. Kd4 Rc7 62. Rh5 Rc6 63. Re5 Rc7 64. Rd5
1/2-1/2

[Event "Tromsøsjakken NGP 2025"]
[Site "Sparebanken Nordnorge"]
[Date "2025.09.07"]
[Round "5"]
[White "Aas, Robert J."]
[Black "Andreassen, Erik Th."]
[Result "0-1"]
[WhiteElo "1947"]
[BlackElo "1820"]
[PlyCount "136"]
[EventDate "2025.??.??"]

1. d4 d5 2. c4 dxc4 3. Nf3 Nf6 4. e3 c5 5. Bxc4 e6 6. O-O cxd4 7. exd4 Be7 8.
Bg5 O-O 9. Nc3 Nbd7 10. Qe2 Nd5 11. Bxe7 Nxc3 12. bxc3 Qxe7 13. Bd3 Nf6 14. Ne5
Nd5 15. Qc2 h6 16. Qd2 b6 17. Rac1 Bb7 18. f4 Rfd8 19. Bb1 Nf6 20. Rfe1 Rac8
21. Re3 Nd5 22. Rg3 f5 23. Ng6 Qc7 24. h4 Nf6 25. Re1 Be4 26. Bxe4 Nxe4 27.
Rxe4 fxe4 28. Qe2 Qb7 29. Qg4 Re8 30. Ne5 Re7 31. Qg6 Qd5 32. Ng4 Kf8 33. Qh7
Ke8 34. Ne5 Kd8 35. Rxg7 Rxg7 36. Qh8+ Kc7 37. Qxg7+ Kb8 38. Qg3 Qxa2 39. Qe3
Qb1+ 40. Kh2 Qc2 41. c4 Rg8 42. Qh3 e3 43. Nc6+ Kc7 44. Ne7 Rg7 45. f5 e2 46.
f6 Rxe7 47. fxe7 Kd7 48. e8=Q+ Kxe8 49. Qxe6+ Kf8 50. Qxh6+ Kf7 51. Qf4+ Kg7
52. Qe5+ Kf7 53. Qd5+ Kf6 54. Qg5+ Ke6 55. d5+ Kd6 56. Qf6+ Kc5 57. Qc6+ Kd4
58. Qf6+ Kxc4 59. Qe6 Qd2 60. d6+ Kc5 61. d7 e1=Q 62. Qxe1 Qxe1 63. d8=Q a5 64.
Qg5+ Kd6 65. Qf4+ Qe5 66. g3 Qxf4 67. gxf4 a4 68. h5 a3 0-1

[Event "Tromsøsjakken NGP 2025"]
[Site "Sparebanken Nordnorge"]
[Date "2025.09.07"]
[Round "5"]
[White "Jakobsen, Kjetil A."]
[Black "Engkvist, Tomas"]
[Result "0-1"]
[WhiteElo "1941"]
[BlackElo "1943"]
[PlyCount "69"]
[EventDate "2025.??.??"]

1. e4 e5 2. f4 exf4 3. Nf3 Nc6 4. d4 d5 5. e5 Bg4 6. c3 g5 7. Bd3 Qd7 8. O-O f6
9. h3 Bxf3 10. Qxf3 O-O-O 11. exf6 Nxf6 12. a4 Kb8 13. b4 h5 14. a5 Bd6 15. b5
Ne7 16. b6 g4 17. Qf2 gxh3 18. a6 axb6 19. Qa2 Rhg8 20. Rf2 Qc8 21. axb7 Qxb7
22. Ba6 Qa7 23. Qb2 Nc6 24. Qb5 Qa8 25. Bb2 Rxg2+ 26. Rxg2 hxg2 27. Nd2 Na7 28.
Qa4 Qc6 29. Qa2 b5 30. Nb3 f3 31. Ba3 Qxa6 32. Nc5 Bxc5 33. dxc5 Ne4 34. Qb2
f2+ 35. Kxg2 0-1

[Event "Tromsøsjakken NGP 2025"]
[Site "Sparebanken Nordnorge"]
[Date "2025.09.07"]
[Round "5"]
[White "Mikalsen, Odd E."]
[Black "Gulljord, Birk"]
[Result "1-0"]
[WhiteElo "1917"]
[BlackElo "1907"]
[PlyCount "97"]
[EventDate "2025.??.??"]

1. e4 c6 2. d4 d5 3. exd5 cxd5 4. c4 Nf6 5. Nc3 Nc6 6. h3 a6 7. Nf3 g6 8. Bg5
Be6 9. Bxf6 exf6 10. Be2 Bg7 11. O-O O-O 12. Re1 Qa5 13. c5 b6 14. cxb6 Qxb6
15. Na4 Qa7 16. Rc1 Rfc8 17. Nc5 Ne7 18. Qa4 a5 19. Bb5 Rab8 20. Rc3 Bh6 21.
Nxe6 Rxc3 22. bxc3 fxe6 23. Rxe6 Kf7 24. Ra6 Qc7 25. Qxa5 Qf4 26. Rb6 Rxb6 27.
Qxb6 Qc1+ 28. Bf1 Qxc3 29. a4 Bf4 30. Qc5 Qxc5 31. dxc5 Nc6 32. Bb5 Na5 33. Kf1
Ke7 34. Ke2 Nb3 35. c6 Kd6 36. g3 Be5 37. Kd3 Na5 38. Nd2 Nxc6 39. Bxc6 Kxc6
40. f4 Bc7 41. Nb3 g5 42. Nd4+ Kd7 43. fxg5 Bxg3 44. gxf6 Ke8 45. a5 Bc7 46. a6
Bb6 47. Nc6 Kf7 48. Ne5+ Ke8 49. f7+ 1-0

[Event "Tromsøsjakken NGP 2025"]
[Site "Sparebanken Nordnorge"]
[Date "2025.09.07"]
[Round "5"]
[White "Remman, Frank"]
[Black "Andersen, Daniel H."]
[Result "1-0"]
[WhiteElo "1857"]
[BlackElo "1709"]
[PlyCount "45"]
[EventDate "2025.??.??"]

1. d4 Nf6 2. c4 e5 3. e3 exd4 4. exd4 Bb4+ 5. Bd2 Bxd2+ 6. Qxd2 d5 7. Nf3 Qe7+
8. Be2 dxc4 9. O-O Be6 10. Re1 Ne4 11. Qc2 Nd6 12. d5 Bxd5 13. Bxc4 Be6 14.
Bxe6 fxe6 15. Nc3 c6 16. Ng5 Qxg5 17. Rxe6+ Kd7 18. Rxd6+ Kc7 19. Rad1 Re8 20.
Qxh7 Qe5 21. h3 Re7 22. Qd3 g5 23. Re6 1-0